ARRUPE JESUIT UNIVERSITY

CORONAVIRUS -STOP THE SPREAD - CLEAN,DISINFECT,COVER

Milton's vision : (Record no. 118200)

MARC details
000 -LEADER
fixed length control field 01501cam a2200373 a 4500
001 - CONTROL NUMBER
control field 15689098
003 - CONTROL NUMBER IDENTIFIER
control field ARRUPE
005 - DATE AND TIME OF LATEST TRANSACTION
control field 20131001161353.0
008 - FIXED-LENGTH DATA ELEMENTS--GENERAL INFORMATION
fixed length control field 090406s2008 enk b 001 0 eng
010 ## - LIBRARY OF CONGRESS CONTROL NUMBER
LC control number 2009277769
015 ## - NATIONAL BIBLIOGRAPHY NUMBER
National bibliography number GBA894421
Source bnb
016 7# - NATIONAL BIBLIOGRAPHIC AGENCY CONTROL NUMBER
Record control number 014680904
Source Uk
020 ## - INTERNATIONAL STANDARD BOOK NUMBER
International Standard Book Number 9781847063427
020 ## - INTERNATIONAL STANDARD BOOK NUMBER
International Standard Book Number 184706342X
035 ## - SYSTEM CONTROL NUMBER
System control number (OCoLC)ocn212847630
040 ## - CATALOGING SOURCE
Original cataloging agency UKM
Transcribing agency UKM
Modifying agency BTCTA
-- BAKER
-- YDXCP
-- BWKUK
-- BWK
-- BWX
-- CDX
-- IXA
-- DLC
042 ## - AUTHENTICATION CODE
Authentication code ukblcatcopy
-- lccopycat
050 00 - LIBRARY OF CONGRESS CALL NUMBER
Classification number PR3592.R4
Item number H63 2008
082 04 - DEWEY DECIMAL CLASSIFICATION NUMBER
Classification number 821.4
Edition number 22
300 ## - PHYSICAL DESCRIPTION
Dimensions 23 cm.
100 1# - MAIN ENTRY--PERSONAL NAME
Personal name Hobson, Theo.
9 (RLIN) 1919
245 10 - TITLE STATEMENT
Title Milton's vision :
Remainder of title the birth of Christian liberty /
Statement of responsibility, etc Theo Hobson.
260 ## - PUBLICATION, DISTRIBUTION, ETC. (IMPRINT)
Place of publication, distribution, etc London :
Name of publisher, distributor, etc Continuum,
Date of publication, distribution, etc 2008.
300 ## - PHYSICAL DESCRIPTION
Extent xiv, 178 p. ;
504 ## - BIBLIOGRAPHY, ETC. NOTE
Bibliography, etc Includes bibliographical references and index.
600 10 - SUBJECT ADDED ENTRY--PERSONAL NAME
Personal name Milton, John,
Dates associated with a name 1608-1674
General subdivision Religion.
9 (RLIN) 1920
650 #0 - SUBJECT ADDED ENTRY--TOPICAL TERM
Topical term or geographic name as entry element Christianity and literature
Geographic subdivision England
General subdivision History
Chronological subdivision 17th century.
9 (RLIN) 1921
650 #0 - SUBJECT ADDED ENTRY--TOPICAL TERM
Topical term or geographic name as entry element Liberty
General subdivision Religious aspects
-- Christianity.
9 (RLIN) 1922
856 42 - ELECTRONIC LOCATION AND ACCESS
Materials specified Contributor biographical information
Uniform Resource Identifier <a href="http://www.loc.gov/catdir/enhancements/fy1116/2009277769-b.html">http://www.loc.gov/catdir/enhancements/fy1116/2009277769-b.html</a>
856 41 - ELECTRONIC LOCATION AND ACCESS
Materials specified Table of contents only
Uniform Resource Identifier <a href="http://www.loc.gov/catdir/enhancements/fy1116/2009277769-t.html">http://www.loc.gov/catdir/enhancements/fy1116/2009277769-t.html</a>
856 42 - ELECTRONIC LOCATION AND ACCESS
Materials specified Publisher description
Uniform Resource Identifier <a href="http://www.loc.gov/catdir/enhancements/fy1213/2009277769-d.html">http://www.loc.gov/catdir/enhancements/fy1213/2009277769-d.html</a>
906 ## - LOCAL DATA ELEMENT F, LDF (RLIN)
a 7
b cbc
c copycat
d 2
e ncip
f 20
g y-gencatlg
942 ## - ADDED ENTRY ELEMENTS (KOHA)
Source of classification or shelving scheme Library of Congress Classification
Koha item type Monograph ( Printed materials)
Holdings
Withdrawn status Lost status Source of classification or shelving scheme Damaged status Not for loan Home library Current library Date acquired Total Checkouts Full call number Barcode Date last seen Price effective from Koha item type
    Library of Congress Classification     ARRUPE LIBRARY ARRUPE LIBRARY 01/10/2013   PR3592.R4 H63 2008 46411283 01/10/2013 01/10/2013 Monograph ( Printed materials)

 

Arrupe Library. PO Box MP320 Mt Pleasant, Harare, Zimbabwe
263 242 745411|librarian@aju.ac.zw